Квантовомеханические расчеты для электронных переходов производных тетрафенилпорфирина в комплексе с этилендиаминтетрауксусной кислотой; Известия Томского политехнического университета [Известия ТПУ]; Т. 320, № 2 : Математика и механика. Физика
| Parent link: | Известия Томского политехнического университета [Известия ТПУ]/ Томский политехнический университет (ТПУ).— , 2000- Т. 320, № 2 : Математика и механика. Физика.— 2012.— [С. 134-136] |
|---|---|
| Autore principale: | |
| Altri autori: | , |
| Riassunto: | Заглавие с титульного листа Электронная версия печатной публикации В рамках метода функционала плотности, с функционалом B3LYP в базисе 6-31G, определена равновесная геометрия молекулы H2ATPP-EDTA основного электронного состояния. С использованием метода TDDFT смоделирован электронный спектр поглощения молекулы H2ATPP-EDTA в различных растворителях (этанол, хлороформ, диметилсульфоксид) в модели PCM в базисах 631G, 6-31G(d), 6-31G(d,p). Была применена Λ-диагностика для идентификации энергетически заниженных переходов с переносом заряда. Получено хорошее согласие теоретических расчетов с экспериментальными данными. |
| Lingua: | russo |
| Pubblicazione: |
2012
|
| Serie: | Математика и механика. Физика |
| Soggetti: | |
| Accesso online: | http://earchive.tpu.ru/bitstream/11683/4140/1/bulletin_tpu-2012-320-2-28.pdf |
| Natura: | MixedMaterials Elettronico Capitolo di libro |
| KOHA link: | https://koha.lib.tpu.ru/cgi-bin/koha/opac-detail.pl?biblionumber=214127 |
MARC
| LEADER | 00000nla2a2200000 4500 | ||
|---|---|---|---|
| 001 | 214127 | ||
| 005 | 20231031193447.0 | ||
| 035 | |a (RuTPU)RU\TPU\book\233979 | ||
| 035 | |a RU\TPU\book\233967 | ||
| 090 | |a 214127 | ||
| 100 | |a 20120419d2012 k y0rusy50 ca | ||
| 101 | 0 | |a rus | |
| 102 | |a RU | ||
| 135 | |a drnn ---uucaa | ||
| 181 | 0 | |a i | |
| 182 | 0 | |a b | |
| 200 | 1 | |a Квантовомеханические расчеты для электронных переходов производных тетрафенилпорфирина в комплексе с этилендиаминтетрауксусной кислотой |b Электронный ресурс |f Р. Р. Валиев, Р. Т. Кузнецова, В. Н. Черепанов | |
| 203 | |a Текст |c электронный | ||
| 215 | |a 1 файл (264 Кб) | ||
| 225 | 1 | |a Математика и механика. Физика | |
| 230 | |a Электронные текстовые данные (1 файл : 264 Кб) | ||
| 300 | |a Заглавие с титульного листа | ||
| 300 | |a Электронная версия печатной публикации | ||
| 320 | |a [Библиогр.: с. 136 (15 назв.)] | ||
| 330 | |a В рамках метода функционала плотности, с функционалом B3LYP в базисе 6-31G, определена равновесная геометрия молекулы H2ATPP-EDTA основного электронного состояния. С использованием метода TDDFT смоделирован электронный спектр поглощения молекулы H2ATPP-EDTA в различных растворителях (этанол, хлороформ, диметилсульфоксид) в модели PCM в базисах 631G, 6-31G(d), 6-31G(d,p). Была применена Λ-диагностика для идентификации энергетически заниженных переходов с переносом заряда. Получено хорошее согласие теоретических расчетов с экспериментальными данными. | ||
| 337 | |a Adobe Reader | ||
| 461 | 1 | |0 (RuTPU)RU\TPU\book\176237 |t Известия Томского политехнического университета [Известия ТПУ] |f Томский политехнический университет (ТПУ) |d 2000- | |
| 463 | 1 | |0 (RuTPU)RU\TPU\book\233487 |x 1684-8519 |t Т. 320, № 2 : Математика и механика. Физика |v [С. 134-136] |d 2012 |p 161 с. | |
| 610 | 1 | |a производные тетрафенилпорфирина | |
| 610 | 1 | |a метод функционала плотности | |
| 610 | 1 | |a квантовомеханические расчеты | |
| 610 | 1 | |a электронные переходы | |
| 610 | 1 | |a перенос заряда | |
| 610 | 1 | |a этилендиаминтетрауксусная кислота | |
| 610 | 1 | |a теоретические расчеты | |
| 610 | 1 | |a экспериментальные данные | |
| 610 | 1 | |a электронный ресурс | |
| 700 | 1 | |a Валиев |b Р. Р. |c химик |c ассистент кафедры Томского политехнического университета |f 1983- |g Рашид Ринатович |2 stltpush |3 (RuTPU)RU\TPU\pers\32258 | |
| 701 | 1 | |a Кузнецова |b Р. Т. | |
| 701 | 1 | |a Черепанов |b В. Н. | |
| 801 | 1 | |a RU |b 63413507 |c 20090623 |g PSBO | |
| 801 | 2 | |a RU |b 63413507 |c 20211229 |g PSBO | |
| 856 | 4 | |u http://earchive.tpu.ru/bitstream/11683/4140/1/bulletin_tpu-2012-320-2-28.pdf | |
| 942 | |c CF | ||